Word Ladder: Avatar Plot Spoiler Quiz Stats

 Plays Quiz Updated Aug 11, 2013

     
Support Sporcle.
Go Orange.
Score 0/44 Timer 04:00
0 Plays Today
HINT WORD % Correct
✺ POP ____ THE WEASEL ✺✺ GOES ✺
92.6%
Sesame ____ bunSEED
90.9%
✺ WHERE THE ____ THINGS ARE ✺✺ WILD ✺
89.8%
✺ ____ WHERE'S MY CAR? ✺✺ DUDE ✺
88.6%
For no costFREE
88.4%
✺ ____ SUEDE SHOES ✺✺ BLUE ✺
88.2%
Three make a yardFEET
87.5%
____ You Were HereWISH
87.4%
Run awayFLEE
85.4%
ObservesSEES
85.1%
Batman actor ChristianBALE
84.6%
Guitar neck rungFRET
83.8%
Burdock, dandelion, or thistle, e.g.WEED
82.8%
Fireplace ventFLUE
82.3%
Oktober party?FEST
82.1%
Sprinter Usain ____BOLT
81.9%
Chimney dustSOOT
80.6%
Edgar Allan's kin?POES
79.5%
Count caloriesDIET
78.4%
Actress TuesdayWELD
78%
Mr. Limpet, Dory, or Ponyo, e.g.FISH
77.7%
Haws alternativesGEES
77.7%
HINT WORD % Correct
GaloshBOOT
77.1%
Gastropod with a slimy trailSLUG
75.1%
✺ I GOT YOU ____✺ BABE ✺
75%
✺ TRAVELS ____ CHARLEY ✺✺ WITH ✺
74.5%
Mr. Chamberlain of NBA fameWILT
74%
Tree trunkBOLE
73.6%
Pugilist's cudgelFIST
72%
Scop, odist, or bard, e.g.POET
70.8%
Nitty Gritty ____ BandDIRT
68.9%
Make less distinctBLUR
68.8%
____ NukemDUKE
68.8%
Coin apertureSLOT
68.2%
Slanderous remarkSLUR
67.3%
OFF! IngredientDEET
66.5%
Trudge throughSLOG
64.6%
Like Knopfler's StraitsDIRE
64.3%
Skater Katarina ____WITT
64%
'Syriana' actress AmandaPEET
61.7%
SeawallDIKE
59.1%
80's 'downer'LUDE
45.1%
Fill with cargoLADE
41.9%
✺ LIKE TINY TIM ✺✺ LAME ✺
37.7%

Today's Daily Dose

Word Ladder
Drink to Me

Get the Picture
Big 4 'R' All-Stars

From the Vault

Opening Day Lineups: Angels

by lineupquizzes

Sports 20m
For the 2010 season, we look back on the last 20 years: Angels Edition.
Remove Ads.
Support Sporcle.
Get the best of Sporcle when you Go Orange. This ad-free experience offers more features, more stats, and more fun while also helping to support Sporcle. Thank you for becoming a member.

Show Comments

Extras

Top Quizzes Today


Score Distribution

Your Account Isn't Verified!

In order to create a playlist on Sporcle, you need to verify the email address you used during registration. Go to your Sporcle Settings to finish the process.

Report this User

Report this user for behavior that violates our Community Guidelines.

Details: